[Event "Sabadell Coral Colon op 5th"]
[Site "Sabadell"]
[Date "2011.02.18"]
[Round "3"]
[White "Martinez Ferrer, Albert"]
[Black "Farre Liarte, Francesc"]
[Result "0-1"]
[WhiteElo "1854"]
[BlackElo "1701"]
[PlyCount "76"]
[EventDate "2011.02.04"]
[EventType "swiss"]
[EventRounds "9"]
[EventCountry "ESP"]
[SourceTitle "EXT 2013"]
[Source "ChessBase"]
[SourceDate "2012.11.22"]
[SourceVersion "1"]
[SourceVersionDate "2012.11.22"]
[SourceQuality "1"]

1. e4 e5 2. Nf3 Nc6 3. Bc4 Nf6 4. d3 Bc5 5. Bg5 d6 6. c3 Bg4 7. Nbd2 a6 8. a3 h6 9. Be3 Qe7 10. 0-0 g5 11. Qc2 Nh5 12. b4 Ba7 13. Bxa7 Rxa7 14. d4 0-0 15. Ba2 Nf4 16. dxe5 Nxe5 17. Nxe5 Qxe5 18. Nc4 Qxc3 19. Qxc3 Ne2+ 20. Kh1 Nxc3 21. f3 Be6 22. Bb3 b5 23. Nd2 c5 24. Bxe6 fxe6 25. bxc5 dxc5 26. Nb3 c4 27. Nc5 Kf7 28. Rac1 Ne2 29. Rc2 Nd4 30. Rd2 e5 31. f4 gxf4 32. g3 f3 33. Kg1 Rc8 34. Nd3 cxd3 35. Rxd3 Rac7 36. Rdxf3+ Nxf3+ 37. Rxf3+ Ke6 38. Kg2 Rc3 0-1

[Event "Terrassa op-B"]
[Site "Terrassa"]
[Date "1996.??.??"]
[Round "7"]
[White "Asensio Villegas, Jose"]
[Black "Farre Liarte, Francesc"]
[Result "1-0"]
[WhiteElo "1870"]
[BlackElo "1815"]
[PlyCount "90"]
[EventDate "1996.07.??"]
[EventType "swiss"]
[EventRounds "9"]
[EventCountry "ESP"]
[SourceTitle "EXT 2002"]
[Source "ChessBase"]
[SourceDate "2001.11.25"]
[SourceVersion "1"]
[SourceVersionDate "2001.11.25"]
[SourceQuality "1"]

1. d4 Nf6 2. c4 e6 3. Nc3 Bb4 4. a3 Be7 5. e4 d6 6. Bg5 h6 7. Bh4 Nbd7 8. Bd3 b6 9. Nf3 Bb7 10. Qc2 0-0 11. 0-0 c6 12. Rad1 Nh5 13. Bxe7 Qxe7 14. g3 Qf6 15. Qe2 Rae8 16. e5 dxe5 17. dxe5 Qe7 18. Nd4 g6 19. f4 Nc5 20. Bc2 Ng7 21. b4 Nd7 22. Ba4 Rc8 23. Ne4 Ba8 24. Nd6 Rc7 25. Rd2 a6 26. Nf3 b5 27. cxb5 cxb5 28. Bc2 Nb6 29. Be4 Nd5 30. Bxd5 Bxd5 31. Qe3 Nf5 32. Nxf5 gxf5 33. Rfd1 Rfc8 34. Ne1 Rc3 35. Rd3 R3c6 36. h3 Rc4 37. Rd4 R4c7 38. R4d2 Be4 39. Qd4 Rc3 40. Kf2 Rxa3 41. Qb6 Rc6 42. Qb8+ Kg7 43. Rd8 Qxb4 44. Rg8+ Kh7 45. Rh8+ Kg6 1-0

[Event "Terrassa op-B"]
[Site "Terrassa"]
[Date "1996.??.??"]
[Round "3"]
[White "Farre Liarte, Francesc"]
[Black "Cuadras Salleres, Jordi"]
[Result "0-1"]
[WhiteElo "1815"]
[BlackElo "1940"]
[PlyCount "44"]
[EventDate "1996.07.??"]
[EventType "swiss"]
[EventRounds "9"]
[EventCountry "ESP"]
[SourceTitle "EXT 2002"]
[Source "ChessBase"]
[SourceDate "2001.11.25"]
[SourceVersion "1"]
[SourceVersionDate "2001.11.25"]
[SourceQuality "1"]

1. e4 c5 2. Nf3 e6 3. d4 cxd4 4. Nxd4 Nc6 5. Nc3 d6 6. Be3 Nf6 7. f4 Be7 8. Qf3 e5 9. Nf5 Bxf5 10. exf5 Qa5 11. g4 e4 12. Qd1 Nb4 13. Bc4 Nxg4 14. Bb5+ Kf8 15. Qxg4 Nxc2+ 16. Ke2 d5 17. Rhg1 g6 18. Rad1 Nxe3 19. Kxe3 Bc5+ 20. Ke2 d4 21. fxg6 hxg6 22. Qg5 Rxh2+ 0-1

[Event "Terrassa op-B"]
[Site "Terrassa"]
[Date "1996.??.??"]
[Round "8"]
[White "Farre Liarte, Francesc"]
[Black "Senar Sanchez, C."]
[Result "1-0"]
[WhiteElo "1815"]
[BlackElo "1820"]
[PlyCount "109"]
[EventDate "1996.07.??"]
[EventType "swiss"]
[EventRounds "9"]
[EventCountry "ESP"]
[SourceTitle "EXT 2002"]
[Source "ChessBase"]
[SourceDate "2001.11.25"]
[SourceVersion "1"]
[SourceVersionDate "2001.11.25"]
[SourceQuality "1"]

1. e4 e5 2. Nf3 Nc6 3. Bb5 Nf6 4. 0-0 Be7 5. d3 a6 6. Ba4 b5 7. Bb3 0-0 8. c3 d5 9. exd5 Nxd5 10. h3 Re8 11. Nbd2 Bf6 12. Ne4 Na5 13. Bc2 Bf5 14. Nxf6+ Qxf6 15. Bg5 Qg6 16. Kh2 h6 17. Bh4 Nf4 18. Bg3 Nc6 19. Nh4 Qg5 20. Nxf5 Qxf5 21. d4 Qf6 22. Qf3 Ng6 23. Qg4 Rad8 24. Rae1 Qg5 25. Qe4 Qf6 26. d5 Nb8 27. Re2 Qd6 28. Rd1 Nd7 29. Red2 Nf6 30. Qf3 Ne7 31. Bb3 a5 32. a3 a4 33. Ba2 Ng6 34. Qd3 Rd7 35. Qxb5 Qb6 36. Qxa4 Red8 37. c4 Qc5 38. b4 Qb6 39. Qb3 Ne4 40. Rd3 Nxf2 41. c5 Qf6 42. Rf3 Ng4+ 43. hxg4 Qg5 44. d6 Rf8 45. Qc4 Qd8 46. Rdf1 cxd6 47. cxd6 Rxd6 48. Rxf7 Rxf7 49. Rxf7 Kh7 50. Bb1 Rd1 51. Qe4 Qb6 52. Bf2 Qe6 53. Qxg6+ Qxg6 54. Bxg6+ Kxg6 55. Rf8 1-0